| 000 | 00463nam a2200193Ia 4500 | ||
|---|---|---|---|
| 005 | 20240823054515.0 | ||
| 008 | 240823s9999||||xx |||||||||||||| ||und|| | ||
| 020 | _a978-0-205-66452-8 | ||
| 041 | _aENGLISH | ||
| 082 | _A808.0427 Q0 | ||
| 100 | _aGeorge Miller | ||
| 245 | 4 | _aThe Prentice Hall Reader | |
| 250 | _a9th | ||
| 260 |
_c2010 _bPearson Education Internat |
||
| 500 | _aYES | ||
| 650 |
_aPrentice Hall _bGeneral |
||
| 942 | _cBK | ||
| 999 |
_c226613 _d226613 |
||